Регионална библиотека "Любен Каравелов" - Русе

Графиня Козел (Запис номер 469293)

MARC детайли
000 -Лидер
Контролно поле с фиксирана дължина nam a22 a 4500
003 - Код на организацията, давaща контролен номер
Контролно поле BLK
005 - Дата и час на последна редакция
Контролно поле 20220804090626.0
008 - Елементи от данни с фиксирана дължина
fixed length control field 220804b bul|||||r ||||||| ||bul||
040 ## - Източник на каталожния запис
Идентификатор на билиотеката - собственик на записа BLK
041 ## - Код за език
Код за езика на текст/звукозапис или на отделно заглавие Български
Код за езика КДБФ Български
080 ## - УДК
Текстов определител УДК Полска литература
УДК код - определител по УДК 821.162.1
УДК определител -311.6
УДК - код + определител 821.162.1-311.6
100 1# - Редна дума - Автор
Автор Крашевски, Юзеф Игнаци
Авторска отговорност първи автор
R(LIN) 286822
139 ## - Редно поле
Редна дума Крашевски, Юзеф Игнаци
Авторски знак Крал - К 89
245 10 - Сведения за заглавието
Заглавие Графиня Козел
Подзаглавни данни Роман
Редно поле (дума) Юзеф Игнаци Крашевски; прев. Димитър Икономов
257 ## - Страна на издаване
Страна на създаване/издаване Полша
260 ## - Област на издателските данни
Място на издаване, разпространение и проч. София
Име на издателя, разпространителя и проч. Нар. култура
Година на издаване 1973
Печатница София : ДПК Димитър Благоев
300 ## - Физическа характеристика
Страници 376 с.
Размери/Мащаб 21 см
380 ## - Жанр
Жанр Худож. лит.
490 ## - СЕРИИ (Колекции)
9 (RLIN) 201228
Име на серия Библиотека Избрани романи
500 ## - Общи забележки
Забележка Ориг. загл. Hrabina Cosel / Jozef Ignacy Kraszewski.
700 1# - Други автори (авторска отговорност)
Лично име Икономов, Димитър
Автороска отговорност (Описва отношението между автора и произведението) прев.
9 (RLIN) 380423
852 ## - Местоположение
Форматна сигнатура Цб 68888
Фондова буква Хранилище
856 4# - Електронен адрес и достъп
Електронен формат pdf - файл
856 4# - Електронен адрес и достъп
Електронен формат pdf - файл
999 ## - СИСТЕМНИ КОНТРОЛНИ НОМЕРА
Koha biblionumber 469293
Koha biblioitemnumber 469293
942 ## - АРТИКУЛИ
Вид на библиотечния материал Книги
Скрит в OPAC Не
Периодичен библиозапис Да
944 ## - СЪЗДАВАНЕ И РЕДАКЦИЯ на ЗАПИСА
Създаване/Редакция Създаване
Дата на регистрацията/редакция 2022-08-04
Служител, извършил регистрацията/редакцията А.М.
Наличности
Код за отписване Код за изгубен артикул Източник на класификационната схема Код за повреда Коз за рестрикции Код за отдаване Артикулен № Име на библиотеката - собственик Име на библиотеката, в която се намира в момента Статус (Текущо местоположение) Дата на вписване в системата Местоположение - отдел Цена в лева Инвентарен номер Систематично азбучна сигнатура Баркод Цена в евро Служебен тип на артикула
  Не е изгубен Universal Decimal Classification Не е повреден само за читалня ползва се в читалня 899177 Регионална библиотека "Любен Каравелов" Русе Регионална библиотека "Любен Каравелов" Русе Хранилище 2022-08-05 Хранилище 1.58 142144 Цб 68888 120000142144 0.81 Книги
Vip Innovations Ltd, Rousse, Bulgaria 2025